Determinación de los desplazamientos en marcos industriales de acero para verificar la no importancia del efecto P-Delta en el análisis y diseño

Kaydedildi:
Detaylı Bibliyografya
Yazar: Sánchez Martínez, Alexander
Materyal Türü: Kitap
Baskı/Yayın Bilgisi: [San José, Costa Rica] 2009
Konular:
Etiketler: Etiketle
Etiket eklenmemiş, İlk siz ekleyin!

MARC

LEADER 00000nam a2200000Ia 4500
003 001377
005 20221231144048.0
008 140114s2009 cr a 000 ||s d
040 |c cru CEDI  
090 |a TFG 5900 
100 |a Sánchez Martínez, Alexander   |9 3740 
245 |a  Determinación de los desplazamientos en marcos industriales de acero para verificar la no importancia del efecto P-Delta en el análisis y diseño 
260 |c 2009  |b [San José, Costa Rica] 
300 |a 1 volumen (en varias paginaciones) 
500 |a Tesis (licenciatura en Ingeniería Civil)--Universidad de Costa Rica. Facultad de Ingeniería. Escuela de Ingeniería Civil 
650 |x ESTRUCTURAS DE ACERO   |x MARCOS ESTRUCTURALES   |x  EDIFICIOS INDUSTRIALES  |x DISEÑO Y CONSTRUCCION   |x ANALISIS ESTRUCTURAL (INGENIERIA)  |x CONSTRUCCIONES ANTISISMICAS   |x  DINAMICA DE ESTRUCTURAS   |9 3741 
942 |c TFG 
999 |c 16335  |d 16335